Statistiques concernant Marion Cotillard de A à Z

Cliquez ici pour prendre le quiz!

Statistiques générales

  • Ce quiz a été pris 75 fois
  • Le résultat moyen est 14 sur 26

Statistiques - réponses

QuestionsRéponses% Correct
Nom de la marque de Parfum pour laquelle elle a tourné plusieurs publicitésDior
93%
Film sur la vie d'Edith Piaf où elle tient le rôle principal (La _____)La Môme
88%
Film adapté de bandes dessinées dans lequel elle joue le rôle de CléopâtreAstérix et Obélix : L’empire du milieu
86%
Son compagnon dans le film Rock'N Roll ainsi que dans la vieGuillaume Canet
86%
Récompense américaine obtenue en 2008 grâce à son rôle d'Edith PiafOscar de la meilleure actrice
86%
Nombre de fois où elle a été nominée pour le césar de la meilleure actriceQuatre
86%
Film américain sur le monde du rêve où elle tient un rôle aux côtés de Léonardo DiCaprio.Inception
78%
Films sur une bande de potes qui passent leurs vacances au Cap Ferret (Les _____)Les Petits Mouchoirs
74%
Film américain réalisé par Michael Mann sur un braqueur de banque et où elle partage l'affiche avec Johnny Depp ("Public _____")
Public Enemies
70%
Réalisateur du film The Dark Knight Rises, où l'on peut voir une scène dans laquelle son personnage meurt, tournée en dérision sur internetChristopher Nolan
67%
ONG pour la préservation de l'environnement pour laquelle Marion est militante depuis 2011Greenpeace
67%
Film où au fil de leurs vies, deux amis se passent une boîte tour à tour en se posant la question "cap ou pas cap ?"Jeux d'Enfants
62%
Prénom du réalisateur québécois qui a réalisé le Juste la fin du Monde en 2016Xavier Dolan
59%
Acteur décédé en 2022, qui a joué aux côtés de Marion dans le film Juste la fin du Monde (2016)Gaspard Ulliel
57%
La franchise de films qui l'a fait connaîtreTaxi
57%
Humoriste et interprète de la commissaire Laurence Cochet aux côtés de Marion dans le rôle de Nadine, la maîtresse d’école, dans Dikkenek (2006)Florence Foresti
51%
Film dans lequel elle joue une dresseuse d'orques qui est amputée des deux jambes suite à un accident (De _____).De Rouille et d'Os
48%
Film sur la guerre de Jean-Pierre Jeunet pour lequel elle reçoit le César de la meilleure actrice dans un second rôle pour seulement 8 minutes de présence à l'écran (un...)
Un long dimanche de fiançailles
46%
Elle prête sa voix au personnage de la manchote Gloria dans ce film d’animation sorti en 2006 et réalisé par George MillerHappy feet
36%
Réalisateur du film Alliés dans lequel elle a joué aux côtés de Brad Pitt (également le réalisateur de Retour vers le futur ou Forrest Gump)Robert Zemeckis
35%
Premier film américain dans lequel joue Marion en 2003, réalisé par Tim BurtonBig Fish
30%
Une des actrice américaines qui joue à ses côtés dans le film Nine (2009) de Rob MarshallNicole Kidman
29%
Chanteur avec qui elle a chanté à plusieurs reprises sur scène, et qui a joué un de ses amants dans le film Les Petits Mouchoirs.Yodelice
28%
Premier groupe de rock pour lequel elle a joué dans leur clip, pour leur chanson "Petite fille" (1990)Les Wampas
10%
Prénom de son rôle dans Assassin's Creed (2016), la responsable du projet animus.Dr Sophia Rikkin
9%
Réalisatrice du documentaire, co-produit par Marion, qui suit un groupe de jeunes adultes activistes de différents pays qui luttent pour les droits humains, le climat, l'accès à l'éducation ou l'alimentation.Flore Vasseur
4%

Distribution des résultats

Percentile par nombre de réponses

% des personnes avec chaque résultat

Votre développement - résultats

Vous n’avez pas pris ce quiz